<?xml version="1.0" encoding="UTF-8"?>
<record
    xmlns:xsi="http://www.w3.org/2001/XMLSchema-instance"
    xsi:schemaLocation="http://www.loc.gov/MARC21/slim http://www.loc.gov/standards/marcxml/schema/MARC21slim.xsd"
    xmlns="http://www.loc.gov/MARC21/slim">

  <leader>02187    a2200217   4500</leader>
  <controlfield tag="001">17265</controlfield>
  <controlfield tag="005">20260407155459.0</controlfield>
  <controlfield tag="008">260407a1982    arg                 spa d</controlfield>
  <controlfield tag="003">AR-UNSa-BCEJYS</controlfield>
  <datafield tag="040" ind1=" " ind2=" ">
    <subfield code="a">AR-UNSa-BCEJYS</subfield>
    <subfield code="b">spa</subfield>
    <subfield code="c">AR-UNSa-BCEJYS</subfield>
  </datafield>
  <datafield tag="080" ind1=" " ind2=" ">
    <subfield code="a">657.47</subfield>
    <subfield code="x">Contabilidad de Costos</subfield>
  </datafield>
  <datafield tag="245" ind1="1" ind2="0">
    <subfield code="a">Contabilidad de costos</subfield>
    <subfield code="p">principios y pr&#xE1;ctica</subfield>
  </datafield>
  <datafield tag="020" ind1=" " ind2=" ">
    <subfield code="a">978-968-438-995-3</subfield>
  </datafield>
  <datafield tag="264" ind1=" " ind2="1">
    <subfield code="a">M&#xE9;xico :</subfield>
    <subfield code="b">Uni&#xF3;n Tipogr&#xE1;fica Editorial Hispano-Americana (UTEHA)</subfield>
    <subfield code="c">1982</subfield>
  </datafield>
  <datafield tag="300" ind1=" " ind2=" ">
    <subfield code="a">824 p.</subfield>
    <subfield code="c">23 cm.</subfield>
  </datafield>
  <datafield tag="505" ind1=" " ind2=" ">
    <subfield code="a">1. Aspectos administrativos y de organizaci&#xF3;n de la contabilidad de costos - 2. Determinaci&#xF3;n del costo por &#xF3;rdenes de trabajo - 3. Determinaci&#xF3;n del costo por procesos-Parte I - 4. Determinaci&#xF3;n del costo por procesos-Parte II - 5. Contabilidd de productos conjuntos y subproductos - 6. Procesamiento electr&#xF3;nico de datos para la acumulaci&#xF3;n de costos, informes y control - 7. Contabilidad de los materiales - 8. Determinaci&#xF3;n de los costos de mano de obra - 9. Costos por gastos indirectos aplicados a los objetivos del costo - 10. Contabilizaci&#xF3;n de los costos de gastos indirectos de fabricaci&#xF3;n actuales - 11. Contabilidad del costo est&#xE1;ndar-Materiales y mano de obra - 12. Contabilidad del costo est&#xE1;ndar - Gastos indirectos de fabricaci&#xF3;n - 13. Consideraciones especiales en la contabilidad de costos est&#xE1;ndar - 14. Planeaci&#xF3;n administrativa mediante el presupuesto - 15. Informes a la direcci&#xF3;n para control y evaluaci&#xF3;n del funcionamiento - 16. An&#xE1;lisis del comportamiento de los costos - 17. Costeo directo - 18. Problemas especiales en el an&#xE1;lisis y control de los inventarios - 19. An&#xE1;lisis del costo de distribuci&#xF3;n - 20. Planeaci&#xF3;n de la utilidad mediante el an&#xE1;lisis del costo-volumen-utilidad - 21. Planes a largo plazo y presupuestos de inversiones - 22. T&#xE9;cnicas de la ciencia de la administraci&#xF3;n en la planeaci&#xF3;n del costo - 23. An&#xE1;lisis de costos para fines especiales - 24. An&#xE1;lisis del costo en organizaciones no lucrativas - 25. Resoluci&#xF3;n de casos especiales de aplicaci&#xF3;n de costos</subfield>
  </datafield>
  <datafield tag="942" ind1=" " ind2=" ">
    <subfield code="c">BK</subfield>
  </datafield>
  <datafield tag="590" ind1=" " ind2=" ">
    <subfield code="a">niveau_biblio:m niveau_hierar:0</subfield>
  </datafield>
  <datafield tag="100" ind1="1" ind2=" ">
    <subfield code="a">Neuner, John J.W.</subfield>
  </datafield>
  <datafield tag="700" ind1="1" ind2=" ">
    <subfield code="a">Deakin III, Edward B.</subfield>
  </datafield>
  <datafield tag="999" ind1=" " ind2=" ">
    <subfield code="c">721</subfield>
    <subfield code="d">721</subfield>
  </datafield>
  <datafield tag="952" ind1=" " ind2=" ">
    <subfield code="0">0</subfield>
    <subfield code="1">0</subfield>
    <subfield code="4">0</subfield>
    <subfield code="7">0</subfield>
    <subfield code="a">BCEJYS</subfield>
    <subfield code="b">BCEJYS</subfield>
    <subfield code="c">16</subfield>
    <subfield code="d">2026-04-07</subfield>
    <subfield code="l">0</subfield>
    <subfield code="o">657.47 N494c</subfield>
    <subfield code="p">L44249</subfield>
    <subfield code="r">2026-04-07 15:54:59</subfield>
    <subfield code="w">2026-04-07</subfield>
    <subfield code="y">L</subfield>
  </datafield>
  <datafield tag="952" ind1=" " ind2=" ">
    <subfield code="0">0</subfield>
    <subfield code="1">0</subfield>
    <subfield code="4">0</subfield>
    <subfield code="7">0</subfield>
    <subfield code="a">BCEJYS</subfield>
    <subfield code="b">BCEJYS</subfield>
    <subfield code="c">16</subfield>
    <subfield code="d">2026-04-07</subfield>
    <subfield code="l">0</subfield>
    <subfield code="o">657.47 N494c</subfield>
    <subfield code="p">L45982</subfield>
    <subfield code="r">2026-04-07 15:54:59</subfield>
    <subfield code="w">2026-04-07</subfield>
    <subfield code="y">L</subfield>
  </datafield>
</record>
